| 000 | 01262nac a22002651u 4500 | ||
|---|---|---|---|
| 010 | _a 2002067360 | ||
| 020 | _a0521809568 (hardback) | ||
| 020 | _a0521671582 | ||
| 082 | 0 | 0 |
_a333.7 _bB317 |
| 090 |
_c2253 _d2253 |
||
| 100 | _aBateman, Ian. | ||
| 245 | 1 | 0 |
_aApplied environmental economics : _ba GIS approach to cost-benefit analysis / _cIan J. Bateman, Andrew A. Lovett and Julii S. Brainard. |
| 260 |
_aCambridge, UK ; _aNew York, NY : _bCambridge University Press,2005 _c2005. |
||
| 300 |
_axxi, 335 p., [4] p. of plates : _bill. (some col.), maps ; _c26 cm. |
||
| 504 | _aIncludes bibliographical references (p. 293-331) and index. | ||
| 650 | 0 | _aEnvironmental economics. | |
| 650 | 0 |
_aEnvironmental economics _xResearch. |
|
| 700 | 1 | _aLovett, Andrew A. | |
| 700 | 1 | _aBrainard, Julii S. | |
| 856 | 4 | 1 |
_3Sample text _uhttp://www.loc.gov/catdir/samples/cam033/2002067360.html |
| 856 | 4 | 1 |
_3Publisher description _uhttp://www.loc.gov/catdir/description/cam022/2002067360.html |
| 856 | 4 | 1 |
_3Table of contents _uhttp://www.loc.gov/catdir/toc/cam021/2002067360.html |
| 942 |
_cBB _k333.7B317 |
||
| 999 |
_c2253 _d2253 |
||